| 000 | 03928nam a2200421 a 4500 | ||
|---|---|---|---|
| 001 | dia_471 | ||
| 003 | CHAP | ||
| 005 | 20260227174830.0 | ||
| 007 | ta | ||
| 008 | 220117s1997 mx ade frm 001 0 spa d | ||
| 010 | _a171023 | ||
| 040 |
_amxchpua _cCHAP |
||
| 041 | 0 |
_aspa _beng |
|
| 090 |
_aTesis _bE87 _c1997 |
||
| 100 | 1 | _aEspinosa Ortega, Milton | |
| 240 | 1 | 0 |
_aDevelopment strategy for the conditioning and marketing of the peanut (Arachis hipogaea L.) in Chiapas state middle zone. Español _lEspañol |
| 245 | 1 | 0 |
_aEstrategia de desarrollo para el acondicionamiento y comercialización del cacahuate (Arachis hipogaea L.) en la zona centro de Chiapas / _cMilton Espinosa Ortega y Zorba Josué Hernández Estrada |
| 264 |
_aChapingo, México : _bEl autor, _c1997 |
||
| 300 |
_axii, 156 hojas : _bilustraciones, tablas, gráficas, planos |
||
| 336 |
_2rdacontent _atexto _btxt |
||
| 337 |
_2rdamedia _ano mediado _bn |
||
| 338 |
_2rdacarrier _avolumen _bnc |
||
| 502 |
_aTesis _b(Ingeniero Agroindustrial) -- _cUACh. Departamento de Ingeniería Agroindustrial, _d1997 |
||
| 504 | _aBibliografía: hojas 154-156 | ||
| 505 | _a4 Planos : -- 1. Diagrama de flujo A 2. Diagrama de flujo B 3. Plano distribución de áreas (Esc. 1:100) -- 4. Diagrama de distribución de equipo | ||
| 520 | 3 | _aEl estudio del sistema agroindustrial cacahuate en Chiapas, identifica a los intemmediarios como el principal canal de comercialización del cacahuate, no obstante, la existencia de infraestructura para su beneficio y comercialización, perteneciente a la asociación civil "Solidaridad Campesino Magisterial"(SOCAMA AC), al Fondo Nacional de Empresas en Solidaridad(FONAES) y a un empresario privado, quienes a la fecha no han logrado un acuerdo común que permita una operación comercial eficiente de esta infraestructura, en asociacion con los agricultores. Este trabajo propone una estrategia para integrar verticalmente a los productores, permitiéndoles comercializar sus cosechas en mejores condiciones. Tambien logra que las entidades participantes puedan recuperar su inversión, y recibir participación en las utlidades. Asi, las tasas intemas de rentabllidad con la ejecución del proyecto son de: 92%, 30%, 13% y 20% para el proyecto en su conjunto, FONAES, SOCAMA AC y el empresario, respectivamente. Las empresas originadas con el proyecto presentan relaciones beneficio-costo actualizados muy elevadas tanto para la Asociación Rural de Interés Colectivo como para la Unión de Sociedades de Producción Rural. Los factores de riesgo más importantes para la ejecución del proyecto son: la organización social y el abasto de materia prima, el trabajo propone algunas sugerencias para fortalecerlos. | |
| 520 | 3 | _aThe study of the peanut agroindustrial system in Chiapas, Identifies the intemediary buyer as the principal peanut marketing channel. This work proposes a strategy to integrate peanut growers of Chiapas State middle zone vertically to sell their crops in better conditions, also the participating entities could recover their investment, and to receive participation from the profit. If the project were carried out, its financial indicators would be attractive for the investors.The most impontant risky factors for the execution of the project are: social organization and peanut supply, this work proposes some alternatives to strengthen them | |
| 650 | 1 | 3 |
_aManíes _xIndustria y comercio _zMéxico _zChiapas _2atg |
| 650 | 1 | 3 |
_aPeanuts _xIndustry and trade _zMexico _zChiapas |
| 700 | 1 |
_aHernández Estrada Zorba Josué _eautor |
|
| 700 | 1 |
_aSantoyo Cortés, Vinicio Horacio _edirector |
|
| 700 | 1 |
_aPérez Pelayo, Fernando _easesor |
|
| 700 | 1 |
_aSánchez Domínguez, Samuel _easesor |
|
| 901 | _aTESIS E87 1997 | ||
| 902 | _aM | ||
| 905 | _a5232261997 mx nme 8223123322spa16 | ||
| 942 |
_cTESIS _2Clasificación Universidad Autónoma Chapingo |
||
| 999 |
_c171023 _d171023 |
||